000 00714nam a2200289Ia 4500
005 20260324120710.0
008 008 260324s9999 xx 000 0 eng d
020 _a9781315815879
037 _aEBOOK
040 _aCRL
040 _beng
040 _cCRL
041 _2eng
041 _aeng
084 _qCRL
100 _aMarshall Clark; Juliet Pietsch
_91159615
245 0 _aIndonesia-Malaysia Relations
245 0 _bCultural Heritage, Politics and Labour Migration
260 _bTaylor and Francis
260 _c2014
365 _a
365 _b86.99
856 _uhttp://www.taylorfrancis.com/books/9781315815879
942 _cEBOOK
999 _c1751284
_d1751284